Datum a čas kvízu
18
Celkem bodů
Celkový počet nahraných bodů na tomto kvízu bez doplňovacích otázek.
18.
Pořadí na kvízu
Konečné umístění týmu na tomto kvízu.
Zaznamenané odpovědi
| # | Otázka | Odpověď | Body | Výsledky |
|---|---|---|---|---|
| 1. | Minulý týden bylo oznámeno, že... | Intercamp | 0 | |
| 2. | V ugandském národním parku Kib... | šimpanz | 0 | |
| 3. | Kterému rapperovi byl zakázán... | Kanyemu Westovi | 1 | |
| 4. | Americký deník The New York Ti... | bitcoin | 1 | |
| 5. | Který úspěšný plavec se stal m... | David Kratochvíl | 1 | |
| 6. | Vaším prvním úkolem v dnešním... | 1B 2D 3A 4C | 1 | |
| 7. | Poznejte gangsterku dle stručn... | Dannyho parťáci (Ocean's Eleven) | 1 | |
| 8. | Italští herci Carlo Pedersoli... | Bud Spencer a Terence Hill | 0 | |
| 9. | Gangster, na kterého se ptáme,... | Jabba Hutt | 0 | |
| 10. | Uveďte jméno i příjmení postav... | John Wick | 0 |